000 00410nam a22001697a 4500
003 OSt
005 20211208091101.0
008 211208b |||||||| |||| 00| 0 eng d
020 _a0444704221
040 _cH U
082 _a382
100 _aARROW KENNETH J.
_922008
245 _aHANDBOOK OF INTERNATIONAL ECONOMICS
260 _aNEW YORK
_bNORTH .HOLLAND
_c1984
300 _a623
942 _2ddc
_cBOOKS
_n0
999 _c21714
_d21714